الدبلوماسية الفاعلة : (Record no. 10338)
[ view plain ]
| 000 -الفاتح | |
|---|---|
| حقل البيانات ثابتة الطول | 00943nam a22001817a 4500 |
| 008 - عناصر البيانات ثابتة الطول - معلومات عامة | |
| حقل البيانات ثابتة الطول | 090114s2005 xxu||||| |||| 00| 0 ara d |
| 082 ## - رقم تصنيف ديوى العشرى | |
| رقم التصنيف | 327.2 |
| رقم المادة | م ا ر |
| 245 ## - بيان العنوان | |
| العنوان | الدبلوماسية الفاعلة : |
| بيان المسئوليه,etc | بيتر مارشال ؛ ترجمة أحمد مختار الجمال ؛ مراجعة وتقديم السيد أمين شلبي ؛ توطئة نبيل عياد |
| 260 ## - PUBLICATION, DISTRIBUTION, ETC. (IMPRINT) | |
| مكان الناشر او الموزع | القاهرة : |
| اسم الناشر او الموزع | المجلس الأعلى للثقافة ،2005 |
| تاريخ النشر أو التوزيع | 2005. |
| 300 ## - الوصف المادى | |
| التعداد | 261 ص ؛ |
| أبعاد الوعاء | 24 سم. |
| 490 #0 - بيان السلسلة | |
| -- | 21233 |
| عنوان السلسلة | المشروع القومى للترجمة ؛ |
| -- | 899 |
| 500 ## - تبصرة عامة | |
| تبصرة عامة | ترجمة لكتاب : Positive Diplomacy / Peter Marshall |
| 504 ## - تبصرة ببليوجرافية | |
| تبصرة ببليوجرافية,الخ | يحتوي علي إرجاعات ببليوجرافية ص250-255 |
| 541 ## - تبصرة المصدر المباشر للتزويد | |
| مصدر التزويد | إهداء ؛ |
| طريقة التزويد | أحمد مختار الجمال ؛ |
| 700 1# - المدخل الاضافى - اسم شخصى | |
| 9 (RLIN) | 22019 |
| الإسم الشخصى | شلبى ، السيد أمين |
| الدور | مراجعة وتقديم |
| 700 1# - المدخل الاضافى - اسم شخصى | |
| 9 (RLIN) | 22020 |
| الإسم الشخصى | عياد ، نبيل |
| الدور | توطئة |
| 942 ## - عناصر المدخل الإضافي( كوها) | |
| مصدر التصنيف او مخطط الترفيف | Dewey Decimal Classification |
| Koha [default] item type | Book - Borrowing |
| حالة التراجع | حالة الفقد | مصدر التصنيف او خطة الترفيف | حالة تلف | ليس للاعارة | مجموعات كوها | المكان الدائم | المكان الحالي | موقع الترفيف | تاريخ الاكتساب | Source of acquisition | رقم الاستدعاء | الباركود | Date last seen | نوع الوعاء |
|---|---|---|---|---|---|---|---|---|---|---|---|---|---|---|
| Dewey Decimal Classification | Donation-Gift | Central Library | Central Library | First floor | 14/01/2009 | Donation | 327.2 م ا ر | 000004194 | 15/07/2025 | Book - Borrowing |